000 00899nac a22002657a 4500
001 BR7905547
003 BR-BrBNA
005 20240105114500.0
008 230509b bl.|||m| |||| 00| 0 por d
040 _aBR-BrBNA
_bpor
_cBiblioteca Nacional de Agricultura
072 _aA00
090 _aA00 BR7905547
100 1 _aMatthews, H.R.
100 1 _aFonseca, J.W. da
100 1 _aRosado, V.
110 1 _aFundacao Guimaraes Duque, Mossoro, RN (Brasil)
245 1 _aPrimeiro catalogo de pesquisas da ESAM [Escola Superior de Agricultura de Mossoro; Bibliografia; Rio Grande do Norte; Brasil]
260 3 _aMossoro, RN (Brasil):
_bEscola Superior de Agricultura de Mossoro,
_c1979.
300 _a218 p.
490 _aColecao Mossoroense (Brazil)
_vv. 85
_x
650 _aAgricultura
650 _aBibliografia
909 _a202312
_bLúcia Elande
_c55
_dLúcia Elande
942 _2AGRIS
_n0
_cMS
999 _c269607
_d269607